| 000 | 00720nam a2200217 a 4500 | ||
|---|---|---|---|
| 001 | BRCA_9112 | ||
| 005 | 20190320210526.0 | ||
| 008 | 051017s2016----mx-a######---#000-0#spa-# | ||
| 041 | _aspa | ||
| 044 | _amx | ||
| 050 | 4 |
_aN910.M42 _b.R93 2016 |
|
| 100 | 1 |
_aRubio de los Santos, Mariana _922489 |
|
| 245 | 1 | 0 |
_aRetratos de luz, mercurio y plata _bdos daguerrotipos del Museo Franz Mayer. |
| 260 |
_aCiudad de México _c2016 |
||
| 300 |
_a105 p. _bil. (algunas a color) _c23 cm. |
||
| 502 | _aEnsayo Académico (Maestra en Historia del Arte) UNAM, 2016 | ||
| 610 | 2 | 4 |
_aMuseo Franz Mayer (Ciudad de México) _xDaguerrotipo _922490 |
| 700 | 1 |
_aCasanova García, Rosa _eTutora _922491 |
|
| 902 | _aTES | ||
| 942 |
_2lcc _cTES |
||
| 999 |
_c8760 _d8760 |
||